IBM eserver iSeries pocket handbook (Record no. 211236)
[ view plain ]
| 000 -LEADER | |
|---|---|
| fixed length control field | 01427nam a22003494a 4500 |
| 245 00 - TITLE STATEMENT | |
| Title | IBM eserver iSeries pocket handbook |
| 250 ## - EDITION STATEMENT | |
| Edition statement | 3rd ed. |
| 260 ## - PUBLICATION, DISTRIBUTION, ETC. (IMPRINT) | |
| Place of publication | [Rochester, Minn.] : |
| Name of publisher | IBM, |
| Year of publication | 2003. |
| 300 ## - PHYSICAL DESCRIPTION | |
| Number of Pages | vi, 106 p. : |
| Other physical details | ill. |
| 490 1# - SERIES STATEMENT | |
| Series statement | Redbooks |
| 500 ## - GENERAL NOTE | |
| General note | The "e" in "eserver" is printed as the symbol for electronic. |
| 650 #0 - SUBJECT ADDED ENTRY--TOPICAL TERM | |
| Topical Term | Web servers. |
| Topical Term | IBM computers |
| 856 40 - ELECTRONIC LOCATION AND ACCESS | |
| Uniform Resource Identifier | http://site.ebrary.com/lib/rucke/Doc?id=10112951 |
No items available.
